[Event "IECC M email"]
[Site "IECC email"]
[Date "1999.01.13"]
[Round "?"]
[White "Menges, Wolfgang"]
[Black "Spivakov, Oleg"]
[Result "0-1"]
[WhiteElo "984"]
[BlackElo "1063"]
[PlyCount "88"]
[EventDate "1999.??.??"]
[EventType "tourn (corr)"]
[EventRounds "6"]
[SourceTitle "Corr 2008"]
[Source "ChessBase"]
[SourceDate "2008.06.24"]
[SourceVersion "1"]
[SourceVersionDate "2008.06.24"]
[SourceQuality "1"]

1. e4 e5 2. Nf3 Nc6 3. Bc4 h6 4. 0-0 Nf6 5. Nc3 Bc5 6. d3 0-0 7. h3 d6 8. a3 Bd7 9. Qe2 Nd4 10. Nxd4 Bxd4 11. Nd1 b5 12. Bb3 Be6 13. Bxe6 fxe6 14. Be3 c5 15. Bxd4 exd4 16. c3 e5 17. b4 a5 18. bxc5 dxc5 19. cxd4 Qxd4 20. Rc1 Rf7 21. Qe3 Qxe3 22. fxe3 Nd7 23. Rxf7 Kxf7 24. g4 b4 25. axb4 cxb4 26. d4 Ke6 27. Rc6+ Ke7 28. Rc4 Rb8 29. Nb2 Rf8 30. Kg2 Kd6 31. Rc1 Ra8 32. Kf2 Rf8+ 33. Ke2 Ra8 34. Nc4+ Ke7 35. dxe5 Rc8 36. Kd2 Rc5 37. Nd6 Rxc1 38. Kxc1 Nxe5 39. Nf5+ Kf6 40. Kb2 a4 41. Nd4 Nc4+ 42. Kc2 b3+ 43. Kd3 b2 44. Kc2 a3 0-1